000 00599nam a22002537a 4500
003 UA-OsUOA
001 23500
007 ta
008 20040122b un ||||| |||| 00| 0 ukr d
100 _aЛисовский В.Т.
090 _a316.3
_bЛ63
942 _cBK
040 _aUA-OsUOA
_brus
_cUA-OsUOA
_dUA-OsUOA
245 _aСоциологические очерки
300 _a304 с.
955 _a0
041 _arus
080 _a316.3
020 _a5-06-002097-5
260 _aМосква
_bВысшая школа
_c1990
044 _aRU
650 7 _2UDC
999 _c309748
_d309748